Advances in Sustainable River Management (Record no. 34926)

MARC details
000 -LEADER
fixed length control field 01245nam a2200133Ia 4500
008 - FIXED-LENGTH DATA ELEMENTS--GENERAL INFORMATION
fixed length control field 220620s9999||||xx |||||||||||||| ||und||
020 ## - INTERNATIONAL STANDARD BOOK NUMBER
International Standard Book Number 9783040000000
245 #0 - TITLE STATEMENT
Title Advances in Sustainable River Management
Remainder of title Reconciling Conflicting Interests under Climate Extremes
546 ## - LANGUAGE NOTE
Language note English[eng]
650 ## - SUBJECT ADDED ENTRY--TOPICAL TERM
Topical term or geographic name entry element flood frequency||rainfall-runoff model||river-based tourism||reservoir regulation||water availability||climate variability||land use change||flood hazard zone||EBA4SUB model||FLO-2D||Mike11||dynamic flow releases||flow regime||hydrological methods||Indicators of Hydrological Alteration||river health||artificial intelligence||Ganga||groundwater||Hindon||statistical indicators||Uttar Pradesh||bottom sediments||soil core||levee||stability analysis||geosynthetics||dykes||levees||protection||reinforcement||stabilization||drainage||erosion control||barriers||emission reductions||climate change||hydro-economic water allocation||optimal water allocation||risk analysis||water supply||the Thames||ecosystem||pollution||biodiversity||non-native species||ecosystem management||remediation||restoration||monitoring||n/a
700 ## - ADDED ENTRY--PERSONAL NAME
Personal name Wałęga, Andrzej||Kuriqi, Alban
856 ## - ELECTRONIC LOCATION AND ACCESS
Uniform Resource Identifier <a href="https://mdpi.com/books/pdfview/book/4887">https://mdpi.com/books/pdfview/book/4887</a>
942 ## - ADDED ENTRY ELEMENTS (KOHA)
Koha item type E-Books
Holdings
Withdrawn status Lost status Damaged status Not for loan Home library Current library Date acquired Total Checkouts Date last seen Price effective from Koha item type
        Kerala University of Digital Sciences, Innovation and Technology Knowledge Centre Kerala University of Digital Sciences, Innovation and Technology Knowledge Centre 20/06/2022   20/06/2022 20/06/2022 E-Books